| 000 | 00673nas a2200193 i 4500 | ||
|---|---|---|---|
| 001 | 187812 | ||
| 003 | ES-MaACL | ||
| 005 | 20250701062207.0 | ||
| 008 | 180309q1885 be | | ||re d | ||
| 245 | 0 | 0 | _aTablettes mensuelles de la Société Royale de Médecine Publique. |
| 260 |
_a[Belgique : _bSociété Royale de Médecine Publique, _c1885-] |
||
| 300 |
_a4 volúmenes ; _c25 cm. |
||
| 310 | _aMensual | ||
| 710 | 2 |
_aSociété Royale de Médecine Publique de Belgique. _eisb _9134948 |
|
| 852 |
_aES-MaACL _cDEPOF _hDonativo de Vicente Cabello _jT-929-F-13-19 |
||
| 866 | 0 | _o1885 (enero-julio). | |
| 942 |
_2udc _cFOLLETOS _n0 |
||
| 999 |
_c187812 _d187812 |
||